Gala 11 OT2023 - Estadísticas

Estadísticas generales
  • Esta prueba ha sido intentada 25 veces
  • La puntuación promedio es 4 de 8
Estadísticas de respuestas
Imagen Hint Respuesta % Correcto
Juanjo El Patio
77%
Naiara Let's Get Loud
68%
Paul Thin Fiebre
59%
Lucas Mariposa Tecknicolor
59%
Martin Murder On The Dancefloor
59%
Grupal Aire
41%
Ruslana Let Me Out
36%
Bea Bette Davis Eyes
32%
No se encontraron pruebas coincidentes
Distribución de puntuación
Porcentaje de gente con cada puntuación
Porcentaje por número respondido
Historial de tus puntuaciones
No has intentado esta prueba.